Asian Countries in World Cups - Statistics

General Stats
  • This quiz has been taken 128 times
  • The average score is 11 of 13
Answer Stats
Number of Appearances Answer % Correct
7 Japan
100%
11 South Korea
99%
6 Iran
95%
2 North Korea
93%
1 China
91%
1 Iraq
89%
6 Saudi Arabia
89%
1 Qatar
86%
1 Israel
77%
6 Australia
76%
1 Indonesia
74%
1 Kuwait
72%
1 United Arab Emirates
72%
No matching quizzes found
Score Distribution
Percent of People with Each Score
Percentile by Number Answered
Your Score History
You have not taken this quiz